000 00844cam a2200217 4500
008 090401t1987 xxu||||| |||| 00| 0 eng d
020 _a0951266217
035 _a(Sirsi) u11735
041 _aeng
050 _a692.3
110 _aCo-ordinating Committee For Project Information
_92751
245 _aProduction drawings : a code of procedure for building works
260 _aLondon
_bBuilding Project Information Committee
_c1987
300 _a63p. : ill. ; 30cm.
350 _a0
490 _aCo-ordinated Project Information
520 _aFormed on the recommendation of the Project Information Group . Sponsored by Association of Consulting Engineers , Building Employers Confederation , Royal Institute of British Architects Royal Institution of Chartered Surveyors .
650 _aDRAWINGS
942 _n0
948 _c04/03/1997
999 _c86904
_d86904